00301nam a2200109Ia 4500008004100000041000800041082001200049100001600061245004500077260003900122300003000161240624s9999 xx 000 0 und d aeng a331 SIN aSINHA P R N aINDUSTRIAL RELATIONS TRADE UNION AND LAB c2004aNew DelhibPearson Education axx, : 632 : p. : cm. ; 25